191 - Né(es) un 10 juillet. - Statistiques

Statistiques générales
  • Ce quiz a été pris 8 fois
  • Le résultat moyen est 4 sur 10
Statistiques - réponses
Hint Année de naissance Réponse % Correct
Auteure-compositrice-interprète française, connue pour ses albums "Cœur" et "Sainte-Victoire". 1992 Clara Luciani
71%
Ingénieur d'origine serbe connu pour son rôle prépondérant dans le développement et l'adoption du courant alternatif pour le transport et la distribution de l'électricité. 1856 Nikola Tesla
71%
Auteur français d'"À la recherche du temps perdu" et de "Du côté de chez Swann". 1871 Marcel Proust
57%
Actrice colombienne vue dans la série "Modern Family" et "Griselda". 1972 Sofía Vergara
57%
Réformateur, et pasteur emblématique de la Réforme protestante du XVIe siècle. 1509 Jehan Cauvin|Jean Calvin
43%
Figure de la Ligue communiste révolutionnaire, il fut candidat aux élections présidentielles de 1969 et de 1974. 1941 Alain Krivine
29%
Boxeur surnommé "The Raging Bull" ou "The Bronx Bull", champion du monde des poids moyens de 1949 à 1951. 1922 Giacobbe LaMotta|Jake LaMotta
29%
Peintre français misérabiliste connu pour "Le Microscope", "Marianne" et "Sarlat Ancien Evêché". 1928 Bernard Buffet
14%
Acteur britannico-nigérien vu dans "Inside Man", "2012", "Twelve Years a Slave", "Doctor Strange" et "Seul sur Mars". 1977 Chiwetel Ejiofor
14%
Peintre impressionniste puis néo-impressionniste franco-danois, connu pour "La Promenade à âne à La Roche-Guyon", "L'Avenue de l'Opéra", "La Conversation" et "Femme nue de dos dans un intérieur". 1830 Jacob Abraham Camille Pissarro|Camille Pissarro
14%
Aucun quiz correspondant
Distribution des résultats
% des personnes avec chaque résultat
Percentile par nombre de réponses
Votre historique - résultats
Vous n’avez pas pris ce quiz